| 000 | 01048nac a2200289 a 4500 | ||
|---|---|---|---|
| 003 | Co-PeBPM | ||
| 005 | 20241127164231.0 | ||
| 007 | ta | ||
| 008 | 241127s2012 ck a|||| |||| 00| 0 spa d | ||
| 020 | _a9788420611433 | ||
| 040 |
_aCo-PeBPM _bspa _cCo-PeBPM _erda |
||
| 041 | _aspa | ||
| 082 | 0 | 4 |
_a509 P957r _222 |
| 100 | 1 | 0 |
_aPrincipe, Lawrence M. _eautor |
| 245 | 1 | 0 |
_a La revolución científica _b: una breve introducción _c / Lawrence M. Principe; traducción de Miguel Paredes Larrucea |
| 260 |
_a Madrid, España _b: Alianza Editorial _c, 2012 |
||
| 300 |
_a218 páginas _bilustraciones en blanco y negro _c18 centímetros |
||
| 490 |
_3El libro de bolsillo. Ciencias _vC19 |
||
| 500 | _aIncluye índice | ||
| 504 | _aIncluye referencias bibliográficas | ||
| 650 | 1 | 2 |
_aHistoria de la ciencia _2LEMB |
| 650 | 1 | 2 |
_aInvestigación científica _2LEMB |
| 650 | 1 | 2 |
_aRevolución científica _2LEMB |
| 700 |
_aParedes Larrucea, Miguel _etraducción |
||
| 765 | _aThe Scientific Revolution. A Very Short Introduction | ||
| 942 |
_2ddc _cBK _n0 |
||
| 999 |
_c60390 _d60390 |
||